000 00677nam a2200253 i 4500
001 C2-0013048
003 PPAK
005 20190630221923.0
008 970129s1990 nju |||| ||||| | eng d
020 _a0130255378
040 _aPPAK
_beng
_cPPAK
_erda
082 0 4 _a353.0313
_223
090 0 0 _a353.0313
_bDIC
_dG
100 1 _aDiClerico, Robert E.,
_eauthor
245 1 4 _aThe American president
250 _a3rd ed.
264 1 _aNew Jersey :
_bPrentice Hall ,
_c1990
300 _axiii, 401 pages ;
_c23 cm
336 _2rdacontent
_atext
337 _2rdamedia
_aunmediated
338 _2rdacarrier
_avolume
650 1 0 _aPresidents - United States
942 _ddc
_cB
999 _c3322
_d3322